Электронные пучки бетатронов

Detalhes bibliográficos
Autor principal: Воробьев А. А. Александр Акимович
Outros Autores: Кононов Б. А. Борис Александрович, Евстигнеев В. В. Владимир Васильевич
Resumo:В книге изложена динамика формирования электронного пучка, рассмртрено его движение на всех этапах ускорительного цикла бетатрона, даны основы расчета и методы получения выведенных электронных пучков с заданными пространственным, временным и энергетическим распределениями, приведены методы конструирования различных детекторов электронов для бетатрона. В книге систематизирован и использован опубликованный материал и собственный опыт авторов по разработке и эксплуатации бетатронов с выводом пучка. Таблиц 10. Рисунков 44. Библиография 126.
Idioma:russo
Publicado em: Москва, Атомиздат, 1974
Assuntos:
Formato: Livro
KOHA link:https://koha.lib.tpu.ru/cgi-bin/koha/opac-detail.pl?biblionumber=98009

MARC

LEADER 00000nam0a2200000 4500
001 98009
005 20231031111201.0
035 |a (RuTPU)RU\TPU\book\105050 
090 |a 98009 
100 |a 20060608d1974 k y0rusy50 ca 
101 0 |a rus 
102 |a RU 
105 |a a z 001zy 
200 1 |a Электронные пучки бетатронов  |f А. А. Воробьев, Б. А. Кононов, В. В. Евстигнеев 
210 |a Москва  |c Атомиздат  |d 1974 
215 |a 152 с.  |c ил. 
320 |a Библиогр.: с. 144-149. 
330 |a В книге изложена динамика формирования электронного пучка, рассмртрено его движение на всех этапах ускорительного цикла бетатрона, даны основы расчета и методы получения выведенных электронных пучков с заданными пространственным, временным и энергетическим распределениями, приведены методы конструирования различных детекторов электронов для бетатрона. В книге систематизирован и использован опубликованный материал и собственный опыт авторов по разработке и эксплуатации бетатронов с выводом пучка. Таблиц 10. Рисунков 44. Библиография 126. 
610 1 |a бетатроны 
610 1 |a электроны 
610 1 |a пучки 
610 1 |a формирование 
610 1 |a динамика 
610 1 |a электронные поля 
610 1 |a труды учёных ТПУ 
675 |a 539.1.76.613  |v 3 
700 1 |a Воробьев  |b А. А.  |c российский физик  |c ректор Томского политехнического института, профессор  |f 1909-1981  |g Александр Акимович  |2 stltpush  |3 (RuTPU)RU\TPU\pers\12805  |4 070 
701 1 |a Кононов  |b Б. А.  |c российский физик  |c Заслуженный профессор Томского политехнического университета  |f 1930-  |g Борис Александрович  |2 stltpush  |3 (RuTPU)RU\TPU\pers\19802 
701 1 |a Евстигнеев  |b В. В.  |c российский ученый, физик  |c профессор, зав. кафедрой ядерно-энергетических установок Томского политехнического института  |c Заслуженный деятель науки РФ  |c ректор Алтайского государственного технического университета им. И. И. Ползунова  |f 1937-2008  |g Владимир Васильевич  |2 stltpush  |3 (RuTPU)RU\TPU\pers\19783 
801 1 |a RU  |b 63413507  |c 20060608  |g PSBO 
801 2 |a RU  |b 63413507  |c 20191129  |g PSBO 
942 |c BK